000 00365nam a2200169Ia 4500
003 IT-RoPAU
008 120407s9999 xx 000 0 und d
040 _aIT-RoPAU
040 _cIT-RoPAU
100 _aPasquale Di Fronzo
245 _aRitmi. 40 anni con la musa
260 _aAccademia Partenopea
300 _c cm
490 _v2
942 _cBK
999 _c521
_d521